| 000 | 005730000a22001810004500 | ||
|---|---|---|---|
| 003 | MACL | ||
| 005 | 20160228115707.0 | ||
| 008 | 160228b xxu||||| |||| 00| 0 eng d | ||
| 040 |
_aMACL _cMACL |
||
| 041 | _aHindi | ||
| 082 | _a800 | ||
| 100 |
_aजन्मशती प्रकाशन _941162 |
||
| 245 | _aराजर्षि टण्डन रचनावली | ||
| 260 |
_bहिन्दी साहित्य सम्मेलन _c1982 _aप्रयाग |
||
| 350 | _a30 | ||
| 650 |
_aLiteracture _939932 |
||
| 942 |
_cHIN _k800 _2ddc |
||
| 999 |
_c27963 _d27963 |
||